00282nam a2200109Ia 4500008004100000100002100041245002800062260000900090300002900099440002400128650002000152180117s9999 xx 000 0 und d aby Angelo garcia 4aThe New taste of Manila c2017 a6-13 pages, 2017 April 9 aPhilippine Panorama aTASTE OF MANILA